000 00565nam a22001937a 4500
003 OSt
005 20160413190856.0
008 160413b xxu||||| |||| 00| 0 eng d
020 _a9187748770
040 _cDDC.
082 _a303.66MOR 2006.
100 _aMorvan,Helene;
_97850
245 _aReshaping The Everyday:
_bThe Cohabitation of Civilians and Mayi-Mayi Militias in Kivu;
260 _aSweden.
_bLife & Peace Institute.
_c2006.
300 _a32p;
_bill;
_c20cm.
504 _aincludes bibliography.
650 _aSocial Science.
_97174
942 _2ddc
_cSLOAN
999 _c3518
_d3518